Preussische Provinzen 1866 - 1918 - Statistiken

Allgemein
  • Dieses Quiz wurde 42 mal gespielt
  • Das Durchschnittsergebnis liegt bei 10 aus 14
Antwortstatistiken
Hint Antwort % Korrekt
1 Ostpreussen
92%
1 Westpreussen
92%
1 Hannover
89%
1 Berlin
86%
1 Brandenburg
86%
1 Schlesien
86%
1 Pommern
84%
1 Schleswig-Holstein
84%
1 Westfalen
84%
1 Sachsen
78%
1 Posen
76%
1 Rheinprovinz
51%
1 Hessen-Nassau
38%
1 Hohenzollernsche Lande
22%
Keine übereinstimmenden Quizze gefunden
Verteilung der Resultate
Anzahl Personen mit jedem Resultat
Perzentil nach korrekt beantworteten Fragen
Ihre Resultats-Entwicklung
Sie haben dieses Quiz noch nicht gespielt